000
00380nam a22001577a 4500
003
MPLRDC
005
20220104143226.0
008
210129b ||||| |||| 00| 0 eng d
082
_a
121 DGX-2
100
_a
杜国庠
245
_a
先秦诸子的若干研究
_c
260
_a
_b
香港今代图书公司
_c
300
_b
平
650
_a
先秦哲学
942
_c
BK
_o
121 DGX-2
999
_c
37830
_d
37820